| 000 | 00580cam a2200205ua 4500 | ||
|---|---|---|---|
| 001 | 6763 | ||
| 005 | 20260515114112.0 | ||
| 008 | 140305n ii |||gr||||Z||||||asm | ||
| 020 | _a81-7339-062-2 | ||
| 040 | _cMAIN | ||
| 082 | _a519.5 | ||
| 245 |
_aBanijya aru kala snatakar parisankhya vigyan _cBy Padmalochan hazarika |
||
| 250 | _a2nd ed. | ||
| 260 |
_aGuwahati: _bBanalata, _c1997. |
||
| 300 | _ax,496p. | ||
| 653 | _aProbabilities & applied mathematics | ||
| 653 | _aBanijya aru kala snatakar parisankhya vigyan | ||
| 700 |
_aHazarika,Padmalochan, _eAuthor. |
||
| 942 | _cBK | ||
| 999 |
_c5906 _d5906 |
||